=LDR 00000nam 2200000 4500 =001 INLIS000000000048610 =005 20200518080752 =035 ##$$a 0010-111600000000189 =008 200518################g##########0#ind## =082 ##$$a 2x4.1 =100 ##$$a Qasim, Abdul Malik Muhammad Al- =245 1#$$a Ibadah ibadah yang paling mudah /$c Abdul Malik Muhammad Al-Qasim =250 ##$$a Cet. 1 =260 ##$$a Yogyakarta :$b Mitra Pustaka,$c 1998 =300 ##$$a 119 Hlm ; $c 20 x 12 cm. =850 ##$$a BPAP =084 ##$$a 2x4.1 QAS i =650 #4$$a Ibadah - Agama Islam =990 ##$$a 141.887/Pro-99 =990 ##$$a 141.884/Pro-99